| 000 | 00661cam a2200205 i 4500 | ||
|---|---|---|---|
| 999 |
_c118349 _d118349 |
||
| 001 | 18811181 | ||
| 005 | 20200901162831.0 | ||
| 008 | 151007s2017 moua b 001 0 eng | ||
| 020 | _a9780323327701 (pbk. : alk. paper) | ||
| 040 | _cPK-LaUMT | ||
| 082 | 0 | 0 |
_a612.74 _223 _bMUS-M |
| 100 | 1 | _aMuscolino, Joseph E. | |
| 245 | 1 | 4 |
_aThe muscular system manual : _bthe skeletal muscles of the human body / _cby Joseph E. Muscolino |
| 250 | _a4th ed. | ||
| 260 |
_aMiddouri : _bElsevier, _c2017 |
||
| 300 |
_axxii, 774 p. : _bcolor illustrations ; _c28 cm |
||
| 650 | 1 | 2 |
_aMusculoskeletal System _xanatomy & histology |
| 650 | 2 | 2 |
_aMuscles _xphysiology |
| 942 | _cBK | ||